00694nam a2200169 a 450000100100000000500170001000800410002702000150006804000250008308200150010810000310012324501110015426000390026530000300030495201730033499900170050700004158520201002035643.0131011s2002 sp b 000 0 spa d a9580427070 aDO-SdBNPbspacBNPHU axxxxbxxxx1 aEscarpanter, José96834710aCómo dominar la grámatica :bintroducción a la moderna gramática española /cJosé Escarpanter. aBarcelona :bNormabPlayor,c2002. a301 p. :bmaps. ;c24 cm. 001050718MOaGRbGRcHDd2013-10-11iLF1l0oxxxx xxxxp41585-10r2020-06-25w2020-06-25y1zPerteneció a la biblioteca personal de Bárbara Suncar.ZNo se presta c41075d41075